Efekty modernizácie retail manažmentu
Saved in:
| Main Author: | |
|---|---|
| Other Authors: | |
| Format: | Book Chapter |
| Language: | Slovak |
| Subjects: | |
| Tags: |
No Tags, Be the first to tag this record!
|
MARC
| LEADER | 00000nla a2200000 4500 | ||
|---|---|---|---|
| 001 | 0233942 | ||
| 005 | 20240502073809.7 | ||
| 041 | 0 | |a slo | |
| 044 | |a SK | ||
| 245 | 1 | 0 | |a Efekty modernizácie retail manažmentu |c Erika Dudáš-Pajerská, Juraj Till |
| 500 | |a Abstrakt | ||
| 610 | 2 | 0 | |a maloobchod |
| 610 | 2 | 0 | |a maloobchod špecializovaný |
| 610 | 2 | 0 | |a potraviny |
| 610 | 2 | 0 | |a manažment |
| 610 | 2 | 0 | |a modernizácia |
| 100 | 1 | |a Dudáš-Pajerská, Erika, 1988- | |
| 700 | 1 | |a Till, Juraj, 1991- | |